Obálka Náhled e-knihy:
PDF Epub
Pro půjčování e-knih musíte být přihlášeni.
Jak si půjčit online?

Zrada /

Kapitán Kjelsson se svým novým týmem začali vyšetřovat dva odložené případy. Pak jim bylo oznámeno, že v parku Evalund byly nalezeny uťaté paže. Teď jen zjistit, komu patří a kde je zbytek těla.

Uloženo v:
Série:Detektiv Kjelsson 2, část 5
Hlavní autor: Janů, Daniel (Autor)
Médium: E-kniha
Jazyk:Czech
Vydáno: Praha : Splendidum družstvo, 2022
Příbuzné jednotky:Z cyklu:: Detektiv Kjelsson 2
Tagy:
Žádné tagy
LEADER 01225nam a22002417i 4500
001 311511
007 ta
008 260601s2022 xr ||||| |||| 00| 0 cze d
020 |a 9990003470850 
044 |a xr 
100 1 |a  Janů, Daniel  |4 aut 
245 1 0 |a Zrada /  |c  Janů, Daniel 
264 1 |a Praha :  |b Splendidum družstvo,  |c 2022 
300 |a 1 online zdroj (189 stran) 
336 |a text  |b txt  |2 rdacontent 
337 |a bez média  |b n  |2 rdamedia 
338 |a online zdroj  |b cr  |2 rdacarrier 
520 2 |a Kapitán Kjelsson se svým novým týmem začali vyšetřovat dva odložené případy. Pak jim bylo oznámeno, že v parku Evalund byly nalezeny uťaté paže. Teď jen zjistit, komu patří a kde je zbytek těla. 
787 0 8 |g 5  |i Z cyklu:  |t Detektiv Kjelsson 2 
910 |a RBIT002 
998 |d 347085  |a https://core.palmknihy.cz/api/books/347085/cover?r84swe  |b https://core.palmknihy.cz/api/books/347085/cover/400?r84swe  |c https://core.palmknihy.cz/api/books/347085/cover/50?r84swe  |e   |g 189  |i 9990003470850  |j https://core.palmknihy.cz/api/books/347085/preview.epub  |k https://core.palmknihy.cz/api/books/347085/preview.pdf  |l   |q 49  |r 1  |s https://www.palmknihy.cz/kniha/347085  |t ebook  |y 2022  |z 1  |v Detektiv Kjelsson 2  |w 5 
999 |d 311509